Sports Knowledge Quiz #1 - Statistics

General Stats
  • This quiz has been taken 24 times
  • The average score is 42 of 80
Answer Stats
Question Tile Select % Correct
Members of the 50-40-90 Club Andre Iguodala No
90%
NFL Passing Leaders from 2010-2019 Daunte Culpepper No
90%
NFL Passing Leaders from 2010-2019 Jimmy Garoppolo No
90%
Members of the 50-40-90 Club Kevin Love No
90%
NFL Passing Leaders from 2010-2019 LaMar Jackson No
90%
NFL Passing Leaders from 2010-2019 Kirk Cousins No
86%
Members of the 50-40-90 Club Tracy McGrady No
86%
NFL Passing Leaders from 2010-2019 Jared Goff No
81%
NFL Passing Leaders from 2010-2019 Peyton Manning Yes
81%
Members of the 50-40-90 Club Stephen Curry Yes
81%
Vezina Trophy Winners from 2010-2019 Antonin Khudobin No
71%
Members of the 50-40-90 Club Giannis Antetokounmpo No
71%
NFL Passing Leaders from 2010-2019 Joe Flacco No
71%
Vezina Trophy Winners from 2010-2019 Patrick Roy No
71%
Sportspeople of the Year from 2010-2019 Roberto Luongo No
71%
Sportspeople of the Year from 2010-2019 Tim Thomas No
71%
Vezina Trophy Winners from 2010-2019 Andy Moog No
67%
Vezina Trophy Winners from 2010-2019 Corey Crawford No
67%
NFL Passing Leaders from 2010-2019 Drew Brees Yes
67%
NFL Passing Leaders from 2010-2019 Eli Manning No
67%
NBA Head Coaches to win a title with the Boston Celtics Isiah Thomas No
67%
Members of the 50-40-90 Club LeBron James No
67%
NBA Head Coaches to win a title with the Boston Celtics Reggie Miller No
67%
Vezina Trophy Winners from 2010-2019 Jose Theodore No
62%
Members of the 50-40-90 Club Klay Thompson No
62%
Members of the 50-40-90 Club Kobe Bryant No
62%
NBA Head Coaches to win a title with the Boston Celtics Phil Jackson No
62%
NBA Head Coaches to win a title with the Boston Celtics Stan Van Gundy No
62%
NBA Head Coaches to win a title with the Boston Celtics Steve Kerr No
62%
NFL Passing Leaders from 2010-2019 Andrew Luck No
57%
NFL Passing Leaders from 2010-2019 Ben Roethlisberger Yes
57%
NBA Head Coaches to win a title with the Boston Celtics Erik Spoelstra No
57%
NBA Head Coaches to win a title with the Boston Celtics Larry Bird No
57%
NBA Head Coaches to win a title with the Boston Celtics Pat Riley No
57%
Vezina Trophy Winners from 2010-2019 Roberto Luongo No
57%
NFL Passing Leaders from 2010-2019 Russell Wilson No
57%
Sportspeople of the Year from 2010-2019 Serena Williams Yes
57%
NFL Passing Leaders from 2010-2019 Tom Brady Yes
57%
Vezina Trophy Winners from 2010-2019 Jonathan Quick No
52%
Members of the 50-40-90 Club Kevin Durant Yes
52%
Members of the 50-40-90 Club Larry Bird Yes
52%
Sportspeople of the Year from 2010-2019 LeBron James Yes
52%
NBA Head Coaches to win a title with the Boston Celtics Rudy Tomjanovich No
52%
Members of the 50-40-90 Club Steve Nash Yes
52%
Vezina Trophy Winners from 2010-2019 Tuukka Rask Yes
52%
Sportspeople of the Year from 2010-2019 Boston Red Sox No
48%
Members of the 50-40-90 Club Michael Jordan No
48%
NBA Head Coaches to win a title with the Boston Celtics Rick Pitino No
48%
Vezina Trophy Winners from 2010-2019 Sergei Bobrovsky Yes
48%
Vezina Trophy Winners from 2010-2019 Tim Thomas Yes
48%
Sportspeople of the Year from 2010-2019 Toronto Raptors No
48%
NBA Head Coaches to win a title with the Boston Celtics Bill Russell Yes
43%
Vezina Trophy Winners from 2010-2019 Carey Price Yes
43%
Members of the 50-40-90 Club Dirk Nowitzki Yes
43%
Sportspeople of the Year from 2010-2019 Golden State Warriors Yes
43%
Sportspeople of the Year from 2010-2019 JJ Watt Yes
43%
Sportspeople of the Year from 2010-2019 Peyton Manning Yes
43%
NFL Passing Leaders from 2010-2019 Philip Rivers Yes
43%
NBA Head Coaches to win a title with the Boston Celtics Red Auerbach Yes
43%
Sportspeople of the Year from 2010-2019 Drew Brees Yes
38%
Vezina Trophy Winners from 2010-2019 Henrik Lundqvist Yes
38%
NBA Head Coaches to win a title with the Boston Celtics Doc Rivers Yes
33%
NFL Passing Leaders from 2010-2019 Jameis Winston Yes
33%
NBA Head Coaches to win a title with the Boston Celtics KC Jones Yes
33%
Members of the 50-40-90 Club Malcolm Brogdon Yes
33%
Sportspeople of the Year from 2010-2019 Megan Rapinoe Yes
33%
Vezina Trophy Winners from 2010-2019 Pekka Rinne Yes
33%
Members of the 50-40-90 Club Reggie Miller Yes
33%
NBA Head Coaches to win a title with the Boston Celtics Bill Fitch Yes
29%
Vezina Trophy Winners from 2010-2019 Braden Holtby Yes
29%
NFL Passing Leaders from 2010-2019 Patrick Mahomes No
29%
NBA Head Coaches to win a title with the Boston Celtics Tom Heinsohn Yes
29%
Vezina Trophy Winners from 2010-2019 Andrei Vasilevskiy Yes
24%
Sportspeople of the Year from 2010-2019 Mike Krzyzewski Yes
24%
Sportspeople of the Year from 2010-2019 Tom Brady No
24%
Members of the 50-40-90 Club Mark Price Yes
19%
Sportspeople of the Year from 2010-2019 Pat Summitt Yes
19%
Vezina Trophy Winners from 2010-2019 Ryan Miller Yes
19%
Sportspeople of the Year from 2010-2019 Jose Altuve Yes
10%
Sportspeople of the Year from 2010-2019 Madison Bumgarner Yes
5%
No matching quizzes found
Score Distribution
Percent of People with Each Score
Percentile by Number Answered
Your Score History
You have not taken this quiz